000 00955nmm a2200289 a 4500
001 ocm0002347263
003 TR-IsHL
005 20201028185850.0
008 190202s2017 tu tur
007 cr cn
020 _a9786059562140
035 _a2347263
_b(N$T)
050 0 4 _aPL248.U67
_bC67 2017
090 0 4 _aPL248.U67
_bC67 2017
100 1 _aÜnsal, İbrahim
245 1 0 _aYenikapı Cephesi: Bir Millet Tek Yürek
_h[electronic resource] /
_cİbrahim Ünsal ; çizer Murat Sevinç ; editör F. Zehra Bayrak
260 _aAnkara :
_bGenç Hayat,
_c2017
300 _a159 p.
650 4 _aDil ve Edebiyat
650 4 _aLanguage and Literature
650 0 _aTürk romanı
650 0 _aTurkish fiction
650 7 _aLITERARY COLLECTIONS / Middle Eastern
_2bisacsh
700 1 _aSevinç, Murat
700 1 _aBayrak F. Zehra
856 4 0 _uhttp://search.ebscohost.com/login.aspx?direct=true&scope=site&db=e011xww&AN=2347263
999 _c21658
_d21658